Naše zvířátka /

Hlavní autor: Velkoborský, Fráňa, 1900-1958
Další autoři: Müller, Karel
Jazyk: Čeština
Vydáno: V Praze : Nakladatelské družstvo Máje, 1947
Fyzický popis: [48] s. : il.
Knihy
Uloženo v:
LEADER 00884nam a22002292a 4500
001 000745960
003 CZ BrMZK
005 20231219113210.0
007 ta
008 041026s1947 xr a er|||||||||||cze d
015 |a cnb000671314 
035 |a (OCoLC)85427567 
040 |a ABA001  |b cze  |c PNA001  |d ABA001  |d BOA001 
100 1 |a Velkoborský, Fráňa,  |d 1900-1958  |7 jk01142014  |4 aut 
245 1 0 |a Naše zvířátka /  |c Fráňa Velkoborský ; [s obálkou a kresbami Karla Müllera] 
260 |a V Praze :  |b Nakladatelské družstvo Máje,  |c 1947  |f (Koliš a spol.) 
300 |a [48] s. :  |b il. 
700 1 |a Müller, Karel  |4 ill 
910 |a BOA001  |b PK-II-0022.135  |b 2-0207.611 
990 |a BK 
996 6 |b 2618764729  |c 2-0207.611  |l MZK  |r Sklad / do 24 hodin  |n 0  |w 000745960  |u 000020  |a 1  |e BOA001  |j MZK50  |s P 
996 6 |b BC-168098  |c PK-II-0022.135  |l MZK  |r Sklad / do 1 hodiny  |n 0  |w 000745960  |u 000010  |a 1  |e BOA001  |j MZK50  |s P